000 01210nam a2200313 a 4500
001 000030365
003 DO-SdBNP
005 20240229074003.0
007 ta
008 110511s1996 dr a r 000 0 spa d
040 _aDO-SdBNP
_bspa
_cBNPHU
082 4 _bS129d
_222
100 1 _a Sáez , José Luis
_d1937-
_9620
245 1 0 _aDon Sebastián Ramírez de Fuenleal :
_bobispo y legislador /
_cJosé Luis Sáez.
260 _aSanto Domingo :
_bBanco de Reservas de la República Dominicana,
_c1996.
300 _a237 p. :
_bil. ;
_c25 cm.
490 1 _aBanreservas
490 1 _aHistoria
_v3
500 _aIncluye datos biográficos del autor en la solapa de la cubierta
500 _aIncluye índice onomástico, geográfico y temático
500 _aIncluye referencias bibliográficas y notas al pie de las páginas
500 _aIlustración de portada: "Diorama de la Sala del Real Acuerdo en el Palacio de la Real Audiencia", Museo de las casa Reales.
504 _aBibliografía : p. 217-223
590 _aInventariado, 2019/BT
600 4 _aRamírez de Fuenleal, Sebastián
_d1490?
_vBiografía
_983054
830 0 _aBanreservas
_99258
830 0 _aHistoria
_n3
_957010
942 _2ddc
_cLBS1
999 _c29857
_d29857